A history of the sikhs : (Record no. 151164)

MARC details
000 -LEADER
fixed length control field 00804nam a22002057a 4500
005 - DATE AND TIME OF LATEST TRANSACTION
control field 20180413114914.0
010 ## - LCCN (DPL NO)
LC control number B-690906-907
020 ## - INTERNATIONAL STANDARD BOOK NUMBER
Terms of availability 1495.00
International Standard Book Number 9788191064841
035 ## - SYSTEM CONTROL NUMBER
System control number B-690906-907
037 ## - SOURCE OF ACQUISITION
Source of stock number/acquisition Universal Voice
082 ## - DEWEY DECIMAL CLASSIFICATION NUMBER
Classification number 954.552
100 ## - MAIN ENTRY--PERSONAL NAME
Personal name Cunningham, Joseph Davey
245 ## - TITLE STATEMENT
Title A history of the sikhs :
Statement of responsibility, etc by Joseph Davey Cunningham
Remainder of title from origin to battles of sutlej /
260 ## - PUBLICATION, DISTRIBUTION, ETC. (IMPRINT)
Place of publication, distribution, etc Delhi
Name of publisher, distributor, etc PanchamPublications
Date of publication, distribution, etc 2011
270 ## - ADDRESS
Address C-33, Ground floor, kondli Colony,
City Delhi
Postal code 110096
300 ## - PHYSICAL DESCRIPTION
Extent xxx,351p.
Dimensions 24cm(Hb)
500 ## - GENERAL NOTE
General note Balidani
942 ## - ADDED ENTRY ELEMENTS (KOHA)
Source of classification or shelving scheme Dewey Decimal Classification
Item type English Books
Classification part 954.552
Call number suffix CUN
Holdings
Withdrawn status Lost status Not for loan Collection code Home library Current library Date acquired Source of acquisition Cost, normal purchase price Full call number Barcode Copy number Cost, replacement price Koha item type Public note
      Non-fiction Central Library Central Library 13/04/2018 Universal 032/06.03.2018/801/19.02.2018/12.03.2018 1495.00 954.552 CUN B-690906 1 1495.00 English Books Balidani
      Non-fiction Sarojini Nagar Sarojini Nagar 13/04/2018 Universal 032/06.03.2018/801/19.02.2018/12.03.2018 1495.00 954.552 CUN B-690907 1 1495.00 English Books Balidani

© Delhi Public Library
Hit Counter
free hit counter